00630nam a2200169Ia 4500999001500000020001500015082001900030100002000049245004500069260004000114300000900154504002600163650005200189650005200241942001200293952015500305 c9832d9832 a8173044619 a958.1044 MEH-M aMehta, Jagat S. 0aMarch of folly in Afghanistan: 1978-2001 aNew DelhibManohar Publishersc2002 a224p aincludes bibliography aAfghanistanvPolitics and governmentz1973-1989 aAfghanistanvPolitics and governmentz1989-2001 cBK2ddc 001040708DaNASSDOCbNASSDOCd2016-12-30eGifted by : DOCAS Collectioni2004-10-22l0o958.1044 MEH-MpD001593r2019-04-18 00:00:00w2019-04-18yBK